00740nam a2200229 a 450000100060000000300090000600800410001502000150005604000280007108200150009910000260011424500300014026000310017030000110020149000300021265000270024265000260026965000260029594200120032199900170033395201600035011573CO-ViMGA141112s2004 ck r 000 u spa d a8477022313 aCO-ViMGAbspacCO-ViMGA04a843.8 L37f1 aLeroux, Gaston91610410aEl Fantasma de la opera  aMadrid, cValdemar, c1998 a318 p. aTus libros - intrig y 13814aMUERTE - NOVELA91610514aNOVELA FRANCESA9262914aOPERA - NOVELA916106 2ddccBK c22764d22764 00102ddc40708012aMEGRANADbMEGRANADcLITd2026-04-13eBIBLIOTECA NACIONAL DE COLOMBIAl0oNG-LERpGRDA05374r2026-04-13 20:54:54tEj.1w2026-04-13yBK